| 000 | 00000nam 2200000za 4500 |
| 001 | 9.678157 |
| 003 | CaOODSP |
| 005 | 20250129103506 |
| 007 | ta |
| 008 | 150407s2015 quc # f001 0 fre d |
| 020 | |a978-0-660-23074-0|z978-0-660-23073-3 |
| 040 | |aCaOODSP|bfre |
| 043 | |an-cn--- |
| 086 | 1 |aEn56-238/2-2015F|zEn56-238/2-2015F-PDF |
| 245 | 00|aMANOBS : |bManuel d'observations météorologiques de surface. |
| 250 | |aSeptième édition, Modification 19 |
| 260 | |aGatineau, Québec : |bEnvironnement Canada : |bService métérologique du Canada, |c2015. |
| 300 | |axiv, 463 p. ; |c29 cm. |
| 500 | |a« Avril 2015. » |
| 500 | |aComprend un index. |
| 500 | |aPublié aussi en anglais sous le titre: MANOBS : Manual of surface weather observations. |
| 500 | |aLe n° de catalogue (En56-238/2-2015F-PDF) et l’ISBN (978-0-660-23073-3) de l'édition électronique ont été copiés dans l’édition imprimée. |
| 520 | |a« Ce manuel prescrit les procédures normalisées du Service météorologique du Canada pour l’observation, l’enregistrement et la transmission des conditions météorologiques. Il a été rédigé conformément aux procédures internationales recommandées par l’Organisation météorologique mondiale (OMM). » -- Avant-propos. |
| 692 | 07|2gccst|aTemps (Météorologie) |
| 692 | 07|2gccst|aManuel |
| 710 | 1 |aCanada. |bEnvironnement Canada. |
| 710 | 2 |aService météorologique du Canada. |
| 775 | 08|tMANOBS : |w(CaOODSP)9.630244 |
| 776 | 0#|tMANOBS |w(CaOODSP)9.644064 |